Portugalsko /

Hlavní autor: St. Louis, Regis
Další autoři: Landon, Robert
Jazyk: Čeština
Vydáno: Praha : Svojtka & Co., 2008
Vydání: 1. české vyd.
Edice: Z řady průvodců Lonely Planet
Témata:
Fyzický popis: 532 s. : il. (některé barev.), mapy, plány ; 20 cm
Knihy
Uloženo v:
LEADER 01519cam a2200445 a 4500
001 nkc20071761553
003 CZ PrNK
005 20080514151301.0
007 ta
008 080208s2008 xr abe g f 001 0 cze d
015 |a cnb001761553 
020 |a 978-80-7352-678-8  |q (brož.) 
035 |a (OCoLC)228778284 
040 |a KLG001  |b cze  |d BOA001 
041 1 |a cze  |h eng 
043 |a e-po--- 
072 7 |a 913(4)  |x Geografie Evropy, reálie, cestování  |2 Konspekt  |9 7 
080 |a 913(469)  |2 MRF 
080 |a (036)913  |2 MRF 
100 1 |a St. Louis, Regis  |7 xx0043171  |4 aut 
245 1 0 |a Portugalsko /  |c Regis St Louis, Robert Landon ; [překlad Eva Cachová, Jaroslav Kučera] 
250 |a 1. české vyd. 
260 |a Praha :  |b Svojtka & Co.,  |c 2008 
300 |a 532 s. :  |b il. (některé barev.), mapy, plány ;  |c 20 cm 
490 1 |a Z řady průvodců Lonely Planet 
500 |a Přeloženo z angličtiny 
500 |a Portugalsko-český slovník 
504 |a Obsahuje bibliografii a rejstřík 
655 7 |a turistické průvodce  |7 fd133738  |2 czenas 
655 9 |a tourist guidebooks  |2 eczenas 
651 7 |a Portugalsko  |7 ge130488  |2 czenas 
651 9 |a Portugal  |2 eczenas 
700 1 |a Landon, Robert  |7 mzk2008434219  |4 aut 
765 0 |t Portugal  |9 Česky 
830 0 |a Z řady průvodců Lonely Planet  |0 s 
910 2 |a BOA001  |b 2-1200.720 
990 |a BK 
995 |a 01 
991 |b 200803  |c NOV 
996 6 |b 2610337422  |c 2-1200.720  |l MZK  |r Sklad / do 1 hodiny  |n 5  |p p.v.  |w 000889157  |u 000010  |a 1  |e BOA001  |j MZK50  |s P